000 00978pam a2200313 i 4500
001 13706
003 BD-RjUL
005 20211208235511.0
008 140201s1980 njua b 001 0 eng b
020 _a0131531719
035 _a(BD-RjUL)13758
040 _aDLC
_cDLC
_dDLC
_dBD-RjUL
_beng
041 _aeng
060 _aWY106 B474c
082 0 0 _a362.10425
_bBEC 1980
100 1 _aBenson, Evelyn Rose.
_942882
245 1 0 _aCommunity health and nursing practice /
_cEvelyn Rose Benson, Joan Quinn McDevitt.
250 _a2d ed.
260 _aEnglewood Cliffs, N.J. :
_bPrentice-Hall,
_cc1980.
300 _axiii, 370 p. :
_bill. ;
_c25 cm.
504 _aIncudes bibliographies and index.
650 0 _aCommunity health nursing.
_942883
650 2 _aCommunity health services.
_942884
650 2 _aCommunity health nursing.
_942885
700 1 _aMcDevitt, Joan Quinn,
_ejoint author.
_942886
942 _2ddc
_cBK
999 _c13706
_d13706